00722nam a2200181 a 450000100100000000500170001000800410002704000250006810000270009324500690012026000310018930000210022049000420024165000250028395201050030895201100041399900170052300003626520250710141410.0120112s1975 mx 000 0 spa d aDO-SdBNPbspacBNPHU1 aLocke, Flora M.96237410aMatemáticas comerciales :btexto programado /cFlora M. Locke. aMéxico :bLimusa,c1975. a488 p. ;c26 cm.0 aSerie instrucción programada Limusa20aMatemáticas 91258 001050718MOaGRbGRcCTd2012-01-12iLF1l0o p36265-10r2020-06-25w2020-06-25y1ZNo se presta 001050718MOaGRbGRcCTd2012-01-12iLF1l0o p36265-20r2020-06-25te.2w2020-06-25y1ZNo se presta c35756d35756